Normal view
MARC view
Entry Personal Name
001 - CONTROL NUMBER
- control field: 51730
003 - CONTROL NUMBER IDENTIFIER
- control field: OSt
005 - DATE AND TIME OF LATEST TRANSACTION
- control field: 20160410134037.0
008 - FIXED-LENGTH DATA ELEMENTS
- fixed length control field: 160410|| aca||aabn | a|a d
040 ## - CATALOGING SOURCE
- Original cataloging agency: OSt
- Transcribing agency: OSt
100 ## - HEADING--PERSONAL NAME
- Personal name: प्रतिभा तिवारी
670 ## - SOURCE DATA FOUND
- Source citation: Work cat.: (OSt)46949: प्रतिभा तिवारी , शिक्षाप्रद गृह विज्ञान , 2010









